El Brujo : (Record no. 137002)

MARC details
000 -CABECERA
campo de control de longitud fija 01794nam a22003854i 4500
001 - NÚMERO DE CONTROL
campo de control 991061597659306706
003 - IDENTIFICADOR DEL NÚMERO DE CONTROL
campo de control ES-BaIT
005 - FECHA Y HORA DE LA ÚLTIMA TRANSACCIÓN
campo de control 20260203113859.0
008 - DATOS DE LONGITUD FIJA--INFORMACIÓN GENERAL
campo de control de longitud fija 260127s2023 sp o 2 000 d spa c
017 ## - NÚMERO DE COPYRIGHT O DE DEPÓSITO LEGAL
Número de copyright o de depósito legal DL M 10777-2023
Agencia que asigna Oficina DL Madrid
020 ## - NÚMERO INTERNACIONAL ESTÁNDAR DEL LIBRO
Número Internacional Estándar del Libro 9788418119859
040 ## - FUENTE DE LA CATALOGACIÓN
Centro catalogador/agencia de origen ES-BaIT
Lengua de catalogación cat
Normas de descripción rda
Centro/agencia transcriptor ES-BaIT
100 1# - ENTRADA PRINCIPAL--NOMBRE DE PERSONA
Nombre de persona Pérez, Susana Inés
Término indicativo de función/relación autor
9 (RLIN) 168303
245 13 - MENCIÓN DE TÍTULO
Título El Brujo :
Resto del título el último juglar /
Mención de responsabilidad, etc. Susana Inés Pérez ; prólogo de Mario Santana
250 ## - MENCIÓN DE EDICIÓN
Mención de edición Primera edición en castellano, 2023
264 #1 - PRODUCCIÓN, PUBLICACIÓN, DISTRIBUCIÓN, FABRICACIÓN Y COPYRIGHT
Producción, publicación, distribución, fabricación y copyright Madrid :
Nombre del de productor, editor, distribuidor, fabricante Ediciones Antígona
-- Real Escuela Superior de Arte Dramático,
Fecha de producción, publicación, distribución, fabricación o copyright [2023]
264 #4 - PRODUCCIÓN, PUBLICACIÓN, DISTRIBUCIÓN, FABRICACIÓN Y COPYRIGHT
Fecha de producción, publicación, distribución, fabricación o copyright ©2023
300 ## - DESCRIPCIÓN FÍSICA
Extensión 163 pàgines :
Otras características físicas fotografies (en color) ;
Dimensiones 21 cm
336 ## - TIPO DE CONTENIDO
Término de tipo de contenido text
Código de tipo de contenido txt
Fuente rdacontent
337 ## - TIPO DE MEDIO
Nombre/término del tipo de medio sense mediació
Código del tipo de medio n
Fuente rdamedia
338 ## - TIPO DE SOPORTE
Nombre/término del tipo de soporte volum
Código del tipo de soporte nc
Fuente rdacarrier
490 1# - MENCIÓN DE SERIE
Mención de serie Serie Resad Estudios Teatrales
490 1# - MENCIÓN DE SERIE
Mención de serie Crítica ;
Designación de volumen o secuencia 45
504 ## - NOTA DE BIBLIOGRAFÍA, ETC.
Nota de bibliografía, etc. Bibliografia: pàgines 150-161
520 ## - SUMARIO, ETC.
Sumario, etc. "Un estudio exhaustivo y necesario de una figura clave de la escena española. La autora combina el rigor académico, por ejemplo, al abordar temas como la adaptación o la narratividad en el teatro —tan candentes en el debate académico actual— con un estilo accesible y ameno. El profuso trabajo de documentación está salpicado de anécdotas que agradarán a cualquier aficionado al trabajo de este formidable actor. " -- Contracoberta
600 10 - PUNTO DE ACCESO ADICIONAL DE MATERIA--NOMBRE DE PERSONA
Nombre de persona Álvarez, Rafael
Títulos y otros términos asociados al nombre el Brujo
Fechas asociadas al nombre 1950-
9 (RLIN) 168304
650 #0 - PUNTO DE ACCESO ADICIONAL DE MATERIA--TÉRMINO DE MATERIA
Término de materia o nombre geográfico como elemento de entrada Actors
Subdivisión geográfica Espanya
Subdivisión cronológica S. XX
9 (RLIN) 115386
650 #0 - PUNTO DE ACCESO ADICIONAL DE MATERIA--TÉRMINO DE MATERIA
Término de materia o nombre geográfico como elemento de entrada Actors
Subdivisión geográfica Espanya
Subdivisión cronológica S. XXI
9 (RLIN) 142204
700 1# - ENTRADA AGREGADA--NOMBRE PERSONAL
Nombre de persona Santana, Mario
Término indicativo de función/relación escriptor d'un pròleg
9 (RLIN) 168305
830 #0 - PUNTO DE ACCESO ADICIONAL DE SERIE-TÍTULO UNIFORME
Título uniforme Serie RESAD Estudios teatrales
9 (RLIN) 165599
830 ## - PUNTO DE ACCESO ADICIONAL DE SERIE-TÍTULO UNIFORME
Título uniforme Crítica (Antígona)
Designación de volumen o secuencia 45
9 (RLIN) 131526
908 ## - COLOCAR PARÁMETRO DE COMANDO (RLIN)
Colocar parámetro de comando CDMAE
940 ## - EQUIVALENCIA O REFERENCIA-CRUZADA--TÍTULO UNIFORME [OBSOLETO] [solamente CAN/MARC]
Título uniforme <a href="CVA38">CVA38</a>
942 ## - ELEMENTOS DE ENTRADA AGREGADA (KOHA)
Fuente del sistema de clasificación o colocación Clasificación decimal universal
Tipo de ítem Koha Llibre
Holdings
Estado de retiro Estado de pérdida Fuente del sistema de clasificación o colocación Estado dañado No para préstamo Localización permanente Ubicación/localización actual Ubicación en estantería Fecha de adquisición Fuente de adquisición Total de préstamos Signatura topográfica completa Código de barras Fecha visto por última vez Precio válido a partir de Tipo de ítem Koha
    Clasificación decimal universal     Biblioteca Barcelona Biblioteca Barcelona BCN Lliure Accés 03/02/2026 Compra   792.028.07 ALVAREZ 1900089698 03/02/2026 03/02/2026 Llibre

Powered by Koha